00649nam a2200193Ia 4500003000400000005001700004008004100021040000700062041000800069082002100077100002800098245005100126260004200177365001300219906005300232942001200285999001900297952013900316OSt20230509143312.0210423s2000 xx 000 0 und d cAL aeng a658.3 223bTRIP aTRIPATHI (P C).9101120 aPersonnel management and industrial relations. aNew DelhibSultan Chand & Sonsc2000 b110cINR aindustrial ; management ; Personnel ; relations. 2ddccBK c171542d171542 001040708MSWaSACPGbSACPGd2001-07-17eHigginbothams Pvt Ltdg110.00l0o658.3 TRIPpPG018057r2022-08-24 00:00:00w2021-04-26yBK